| 000 | 00833cab a2200229 4500 | ||
|---|---|---|---|
| 001 | WB3443-27 | ||
| 008 | 090401t1998 xxu||||| |||| 00| 0 eng d | ||
| 035 | _a(Sirsi) u89588 | ||
| 041 | _aeng | ||
| 245 | _aGovernment sets out plans for PFI pilots | ||
| 260 | _c1998 | ||
| 350 | _a0 | ||
| 490 |
_aHousing Finance _v5 November 1998, 2(1) |
||
| 520 | _aThe government has taken the first steps towards permitting PFI deals for council housing, by setting out how the pilot schemes will work. The DETR has confirmed that it will fund the schemes, although it is not yet known when the pilots will get underway. | ||
| 650 | _aCOUNCIL HOUSING REFURBISHMENT | ||
| 650 | _aCOUNCIL HOUSING | ||
| 650 | _aPILOT SCHEMES | ||
| 650 | _aPRIVATE FINANCE INITIATIVE | ||
| 690 | _aHOUSING-FINANCE | ||
| 942 | _n0 | ||
| 948 | _c10/11/1998 | ||
| 999 |
_c56697 _d56697 |
||